Morrison on Galatians through Hebrews. (Record no. 5652)

000 -LEADER
fixed length control field 00902nam a2200253 a 4500
001 - CONTROL NUMBER
control field :::00003394$&:&@@
003 - CONTROL NUMBER IDENTIFIER
control field OkBaRHE
005 - DATE AND TIME OF LATEST TRANSACTION
control field 20000607103304.0
008 - FIXED-LENGTH DATA ELEMENTS--GENERAL INFORMATION
fixed length control field s1982 j 000 0 eng u
040 ## - CATALOGING SOURCE
Transcribing agency
100 1# - MAIN ENTRY--PERSONAL NAME
Personal name Morrison, George Herbert), 1866-1928.
245 10 - TITLE STATEMENT
Title Morrison on Galatians through Hebrews.
Statement of responsibility, etc Revised and edited by Joan Zodhiates.
250 ## - EDITION STATEMENT
Edition statement Rev. and reprinted ed.
260 ## - PUBLICATION, DISTRIBUTION, ETC. (IMPRINT)
Place of publication, distribution, etc Chattanooga, TN., :
Name of publisher, distributor, etc AMG Publishers
Date of publication, distribution, etc 1982
300 ## - PHYSICAL DESCRIPTION
Extent 194 p. ;
Dimensions 21 cm.
490 0# - SERIES STATEMENT
Series statement Glasgow pulpit series.
650 ## - SUBJECT ADDED ENTRY--TOPICAL TERM
Topical term or geographic name as entry element Bible New Testament Epistles of Paul
General subdivision Sermons
650 ## - SUBJECT ADDED ENTRY--TOPICAL TERM
Topical term or geographic name as entry element Bible New Testament Hebrews
General subdivision Sermons
650 ## - SUBJECT ADDED ENTRY--TOPICAL TERM
Topical term or geographic name as entry element Sermons, English
General subdivision Scotland
650 ## - SUBJECT ADDED ENTRY--TOPICAL TERM
Topical term or geographic name as entry element United Free Church of Scotland
General subdivision Sermons
700 ## - ADDED ENTRY--PERSONAL NAME
Personal name Zodhiates, Joan, Ed.
942 ## - ADDED ENTRY ELEMENTS (KOHA)
Source of classification or shelving scheme
Koha item type Books
Copies
Price effective from Shelving location Date acquired Withdrawn status Barcode Not for loan Copy number Source of classification or shelving scheme Date last seen Damaged status Lost status Permanent Location Full call number Koha item type
2010-04-14General Stacks2010-04-14 3394 1 2018-03-28  RHEMA Bible Training CollegeBS 2650.4 .M67Books